Normal view MARC view

Entry Personal Name

Number of records used in: 1

001 - CONTROL NUMBER

  • control field: 5110

003 - CONTROL NUMBER IDENTIFIER

  • control field: OSt

005 - DATE AND TIME OF LATEST TRANSACTION

  • control field: 20190507121329.0

008 - FIXED-LENGTH DATA ELEMENTS

  • fixed length control field: 190507|| aca||aabn | a|a d

040 ## - CATALOGING SOURCE

  • Original cataloging agency: OSt
  • Transcribing agency: OSt

100 ## - HEADING--PERSONAL NAME

  • Personal name: Madras. Labour Department

670 ## - SOURCE DATA FOUND

  • Source citation: Work cat.: (OSt): Madras. Labour Department, List of factories coming under the operation of the factories Act 1948 for the year 1956, 2018

Powered by Koha